000 00511nam a2200181Ia 4500
005 20221122120852.0
008 131103s9999 xx 000 0 und d
040 _aLoreto College
041 _aEnglish
082 _a954.03
_bSEN
100 _aSen,Sunil
245 _aPeasant Movements in India
_b Mid-nineteenth and twentieth century
_cSunil Sen
260 _aCalcutta
_bK.P.Bagchi & Company
_c1982
300 _a275 p.
650 _aHistory - Peasant Movements in India
850 _aLCLIB
942 _cBK
999 _c19194
_d69673